Japanese and Chinese Immigrant Activists (Record no. 21734)
[ view plain ]
| 000 -LEADER | |
|---|---|
| fixed length control field | 00720nam a2200121Ia 4500 |
| 008 - FIXED-LENGTH DATA ELEMENTS--GENERAL INFORMATION | |
| fixed length control field | 220620s9999||||xx |||||||||||||| ||und|| |
| 100 ## - MAIN ENTRY--PERSONAL NAME | |
| Personal name | Fowler, Josephine |
| 245 #0 - TITLE STATEMENT | |
| Title | Japanese and Chinese Immigrant Activists |
| Remainder of title | Organizing in American and International Communist Movements, 1919–1933 |
| 546 ## - LANGUAGE NOTE | |
| Language note | English[eng] |
| 650 ## - SUBJECT ADDED ENTRY--TOPICAL TERM | |
| Topical term or geographic name entry element | History||Japanese||Chinese||Immigrants||Communism||organizing||international||China||Empire of Japan||Kuomintang||Profintern||San Francisco||United States |
| 856 ## - ELECTRONIC LOCATION AND ACCESS | |
| Uniform Resource Identifier | <a href="https://library.oapen.org/bitstream/20.500.12657/30790/1/642712.pdf||https://library.oapen.org/bitstream/20.500.12657/30790/1/642712.pdf||https://library.oapen.org/bitstream/20.500.12657/30790/1/642712.pdf">https://library.oapen.org/bitstream/20.500.12657/30790/1/642712.pdf||https://library.oapen.org/bitstream/20.500.12657/30790/1/642712.pdf||https://library.oapen.org/bitstream/20.500.12657/30790/1/642712.pdf</a> |
| 942 ## - ADDED ENTRY ELEMENTS (KOHA) | |
| Koha item type | E-Books |
| Withdrawn status | Lost status | Damaged status | Not for loan | Home library | Current library | Date acquired | Total Checkouts | Date last seen | Price effective from | Koha item type |
|---|---|---|---|---|---|---|---|---|---|---|
| Kerala University of Digital Sciences, Innovation and Technology Knowledge Centre | Kerala University of Digital Sciences, Innovation and Technology Knowledge Centre | 20/06/2022 | 20/06/2022 | 20/06/2022 | E-Books |